000 02423nam a22002657a 4500
999 _c58558
_d58558
003 Ge_BSU
005 20220602130538.0
008 220602s2014 ge ||||| |||| 00| 0 geo d
020 _a9789941437700
041 _ageo
080 _a811.124-825=353.1 კ-64
100 _aკობახიძე, ეკატერინე
_9666
245 _aსაუბრობ ლათინურად? = Loquerisne latine? /
_cეკატერინე კობახიძე, მანანა ფხაკაძე ; რედ. იამზე გაგუა ; გარეკანის დიზაინი ალეკო ჯიქურიძე ; ივანე ჯავახიშვილის სახ. თბილ. სახელმწ. უნ-ტი, კლასიკ. ფილოლოგიის, ბიზანტინისტიკისა და ნეოგრეცისტიკის ინ-ტი.
264 _aთბილისი :
_bპროგრამა "ლოგოსი",
_c2014.
300 _a248 გვ. :
_b ილ. ;
_c20 სმ.
490 _aპროგრამა "ლოგოსი" : პუბლიკაციები და ღონისძიებები კლასიკური ფილოლოგიის, ბიზანტინისტიკისა და ნეოგრეცისტიკის სფეროში.
500 _aგარეკანზე: ტერენციუს ნეო და მისი მეუღლე. ტერენციუს ნეოს სახლი. ფრესკა, პომპეი 50-79 წწ.
501 _aარეკანი, თავფურ. და ტექსტი ქართ. და ლათინ. შემოკლებები: გვ. 244-248.
653 _aლათინურ–ქართული სასაუბრო.
700 _aფხაკაძე, მანანა
_eავტორი
_98375
700 _aგაგუა, იამზე
_eრედაქტორი
_913950
700 _aჯიქურიძე, ალეკო
_eგარეკანის დიზაინერი
_913951
710 _aთსუ
_bკლასიკ. ფილოლოგიის, ბიზანტინისტიკისა და ნეოგრეცისტიკის ინ-ტი.
_913952
942 _2udc
_cBK